000 00580cam a2200145 4500500
005 20260208010733.0
041 _afre
042 _adc
100 1 0 _aGabaude, Jean-Marc
_eauthor
245 0 0 _aJoachim Wilke, Vivre pour ne pas végéter, Paris, L’Harmattan, coll. « Raison mondialisée », 2009, 112 p., 12 €
260 _c2011.
500 _a4
786 0 _nRevue philosophique de la France et de l'étranger | 136 | 3 | 2011-08-29 | p. 405r-428r | 0035-3833
856 4 1 _uhttps://shs.cairn.info/revue-philosophique-2011-3-page-405r?lang=fr&redirect-ssocas=7080
999 _c1657953
_d1657953